=LDR 00000nam 2200000 4500 =001 INLIS000000000047456 =005 20151126130126.0 =006 =007 =008 =035 ##$$0010-111500000000060 =082 ##$$a 297 56 =090 ##$$a 297.56 abd s.1 =100 ##$$a syaikh abdullah bin ali b =245 ##$$a 108 obat mengusir gelisah =260 ##$$a la raiba bima amanta el ba =300 ##$$a hln.238 =850 ##$$a NPBMAT =990 ##$$a 0001/BPAP-NTB/2015